| 000 | 01269nam0a22002771 4500 | ||
|---|---|---|---|
| 001 | v19\rc\1623360 | ||
| 005 | 20260406225454.0 | ||
| 035 | _a(NLR Aleph) 004740488 | ||
| 090 |
_a4490652 _c4490652 |
||
| 100 | _a20061002d1898 |||y0rusy50 ca | ||
| 101 | 0 | _arus | |
| 102 | _aRU | ||
| 105 | _ay b ||||| | ||
| 200 | 1 | _aКаталог Книжного склада Комитета по устройству сельских библиотек и народных читален Харьковского общества распространения в народе грамотности. Харьков... | |
| 210 |
_a[Харьков] _dценз. 1898 |
||
| 215 |
_a36 с. _d24 |
||
| 300 | _aВ 8-м изд. загл. незнач. изменено | ||
| 309 | _aБез тит. л. и обл. | ||
| 710 | 0 | 2 |
_aХарьковское о-во распространения в народе грамотности _bКом. по устройству сельских библиотек и народных читален _bКнижный склад _9458936 _3RU\NLR\AUTH\889981396 |
| 801 | 0 |
_aRU _bNLR _gpsbo |
|
| 801 | 0 |
_aRU _bRuMoRGB _2psbo |
|
| 801 | 1 |
_aRU _bProSoft-M _2rusmarc |
|
| 852 |
_aNLR _j18.277.7.25 |
||
| 852 |
_aNLR _j19.120.5.88 |
||
| 942 | _cBOOK | ||
| 980 | _aNB | ||